000 01978nam a22003017a 4500
999 _c21820
_d21820
003 AR-CdUCM
008 190425b ||||| |||| 00| 0 spa d
040 _aMUNICIPALIDAD PROVINCIAL DEL CUSCO
_cBIBLIOTECA MUNICIPAL DEL CUSCO
082 _aRev.Allp/N°23/1984
110 _aInstituto de Pastoral Andina
_912766
245 _aAllpanchis Phuturinqa :
_bRevista Anual /
260 _aCusco :
_bCentro Bartolomé de Las Casas,
_c1984.
300 _a184 páginas. :
_bilustraciones ;
_c20 cm.
440 _aRevista del Instituto de Pastoral Andina Cusco
_nAño XIV, 1984,N°23.Vol. XX.
_946245
500 _aEl Ande como posibilidad.
505 _aContenido: Esquema para un programa de desarrollo campesino en la sierra del Perú. Adolfo Figueroa. -- Propuesta de un programa de sustitución de trigo importado. Javier Tantalean. -- Notas sobre la modernización de la artesanía en América Latina. Mirko Lauer. -- Ciclos productivos y región en el Perú 1971-1981. Javier Iguiñiz E. -- Aspecto genético de la tecnología agrícola andina. Oscar Blanco Galdós. -- La explotación ganadera en las comunidades campesinas, Marco A. Sotomayor B. -- Economía campesina y espacios de control desde el estudio de las ferias de una región. Equipo CCaijo. -- Mito de Inkari Qollari cuatro narraciones. Thomas Müller. -- Moche mito rito y actualidad. Anne Marie Hocquenghem. -- Cosmovisión y celebraciones del mundo andino. Thomas y Gelga Muller. -- Procesos por supersticiones en la provincia de Cajamarca en la segunda mitad del siglo XVIII. José Dammert B.
650 _aComunidades campesinas
_92214
650 _aEconomía campesina
_92215
650 _aMito Inkarri
_946246
650 _aDesarrollo rural
_94384
700 _aGolte Rhode, Jürgen
_946242
700 _aDe la Cadena, Marisol
_946243
700 _aOssio Acuña, Juan Martín
_946244
700 _aO'Phelan Godoy, Scarlett
_9621
700 _aBurga, Manuel
_92836
942 _2ddc
_cPP
945 _arac